Boston Red Sox: Home Run Leader Every Year - Statistics

General Stats
  • This quiz has been taken 855 times
    376 since last reset
  • The average score is 60 of 129
Answer Stats
Year Player Home Runs % Correct
2005 David Ortiz 47
98%
2006 David Ortiz 54
98%
2007 David Ortiz 35
98%
2010 David Ortiz 32
98%
2013 David Ortiz 30
98%
2014 David Ortiz 35
98%
2015 David Ortiz 37
98%
2016 David Ortiz 38
98%
1941 Ted Williams 37
91%
1942 Ted Williams 36
91%
1946 Ted Williams 38
91%
1947 Ted Williams 32
91%
1949 Ted Williams 43
91%
1951 Ted Williams 30
91%
1954 Ted Williams 29
91%
1955 Ted Williams 28
91%
1956 Ted Williams 24
91%
1957 Ted Williams 38
91%
1960 Ted Williams 29
91%
2001 Manny Ramirez 41
85%
2002 Manny Ramirez 33
85%
2003 Manny Ramirez 37
85%
2004 Manny Ramirez 43
85%
2020 Rafael Devers 11
82%
2021 Rafael Devers 38
82%
2022 Rafael Devers 27
82%
2023 Rafael Devers 33
82%
1967 Carl Yastrzemski 44
81%
1969 Carl Yastrzemski 40
81%
1970 Carl Yastrzemski 40
81%
1974 Carl Yastrzemski 15
81%
2017 Mookie Betts 24
81%
1915 Babe Ruth 4
79%
1916 Babe Ruth 3
79%
1918 Babe Ruth 11
79%
1919 Babe Ruth 29
79%
1916 Tillie Walker 3
79%
2018 J.D. Martinez 43
78%
2019 J.D. Martinez 36
78%
1979 Jim Rice 39
77%
1975 Jim Rice 22
75%
1976 Jim Rice 25
75%
1977 Jim Rice 39
75%
1978 Jim Rice 46
75%
1983 Jim Rice 39
75%
1981 Dwight Evans 22
64%
1982 Dwight Evans 32
64%
1985 Dwight Evans 29
64%
1987 Dwight Evans 34
64%
1972 Carlton Fisk 22
61%
1973 Carlton Fisk 26
61%
1993 Mo Vaughn 29
61%
1994 Mo Vaughn 26
61%
1995 Mo Vaughn 39
61%
1996 Mo Vaughn 44
61%
1997 Mo Vaughn 35
61%
1998 Mo Vaughn 40
61%
1936 Jimmie Foxx 41
53%
1937 Jimmie Foxx 36
53%
1938 Jimmie Foxx 50
53%
1939 Jimmie Foxx 35
53%
1940 Jimmie Foxx 36
53%
2020 Xander Bogaerts 11
51%
1979 Fred Lynn 39
49%
1909 Tris Speaker 7
43%
1911 Tris Speaker 8
43%
1912 Tris Speaker 10
43%
1914 Tris Speaker 4
43%
2009 Jason Bay 36
41%
1943 Bobby Doerr 16
40%
2008 Kevin Youkilis 29
38%
2011 Jacoby Ellsbury 32
37%
1969 Rico Petrocelli 40
36%
1971 Reggie Smith 30
35%
1974 Rico Petrocelli 15
30%
1984 Tony Armas 43
29%
1944 Bob Johnson 17
28%
1945 Bob Johnson 12
28%
1988 Mike Greenwell 22
28%
1933 Roy Johnson 10
28%
1965 Tony Conigliaro 32
28%
1966 Tony Conigliaro 28
28%
1986 Don Baylor 31
26%
1990 Ellis Burks 21
23%
1958 Jackie Jensen 35
18%
1959 Jackie Jensen 28
18%
2012 Jarrod Saltalamacchia 25
18%
2000 Carl Everett 34
17%
1991 Jack Clark 28
16%
1948 Vern Stephens 29
16%
1963 Dick Stuart 42
15%
1964 Dick Stuart 33
15%
1913 Harry Hooper 4
15%
1917 Harry Hooper 3
15%
1920 Harry Hooper 7
15%
1999 Troy O'Leary 28
15%
1950 Walt Dropo 34
15%
1968 Ken Harrelson 35
14%
1989 Nick Esasky 30
14%
1980 Tony Perez 25
14%
1992 Tom Brunansky 15
12%
1962 Frank Malzone 21
11%
1901 Buck Freeman 12
9%
1902 Buck Freeman 11
9%
1903 Buck Freeman 13
9%
1904 Buck Freeman 7
9%
1906 Chick Stahl 4
5%
1910 Jake Stahl 10
5%
1961 Gary Geiger 18
4%
1923 Joe Harris 13
3%
1952 Dick Gernet 19
2%
1953 Dick Gernet 21
2%
1930 Earl Webb 16
2%
1931 Earl Webb 14
2%
1922 George Burns 12
2%
1925 Phil Todt 11
2%
1926 Phil Todt 7
2%
1927 Phil Todt 6
2%
1928 Phil Todt 12
2%
1932 Smead Jolley 18
2%
1905 Hobe Ferris 6
1%
1907 Hobe Ferris 4
1%
1924 Ike Boone 13
1%
1934 Billy Werber 11
0%
1935 Billy Werber 14
0%
1916 Del Gainer 3
0%
1921 Del Pratt 5
0%
1908 Doc Gessler 3
0%
1929 Jack Rothrock 6
0%
No matching quizzes found
Score Distribution
Percent of People with Each Score
Percentile by Number Answered
Your Score History
You have not taken this quiz since the last reset